Dopravnú súťaž vyhrala ZŠ, Dr. Fischera

Bibliographic Details
Main Author: Humeník, Pavol, 1963- (Author)
Format: Article
Language:Slovak
PhysicalDescription:Fotogr.
Subjects:

MARC

LEADER 00000nab a2200000 ar4500
001 vtls009630354
003 SK-MaSNL
005 20260303213305.0
008 090722c2009 xo mr|p|||||||000 b|slo
038 |a PPPK 
040 |a PPPKCL  |b slo  |c PPPKCL  |e AACR2 
041 0 |a slo 
044 |a xo  |c SK 
080 |a 656:37.016  |2 2001 
080 |a 373.3  |2 2001 
100 1 |a Humeník, Pavol,  |d 1963-  |4 aut  |9 240569 
245 1 0 |a Dopravnú súťaž vyhrala ZŠ, Dr. Fischera  |c Pavol Humeník 
300 |b Fotogr. 
610 2 7 |a Centrum voľného času (Kežmarok, Slovensko)  |2 pppkcl  |9 1033788 
611 2 7 |a Na bicykli bezpečne  |g súťaž  |d (2009 :  |c Kežmarok, Slovensko)  |2 pppkcl  |9 1247045 
648 7 |a 27.5.2009  |2 pppkcl  |9 1247046 
650 0 7 |a dopravná výchova  |2 pppkcl  |9 27785 
650 0 7 |a súťaže  |2 pppkcl  |9 3301 
650 0 7 |a doprava  |2 pppkcl  |9 1777 
650 0 7 |a základné školy  |2 pppkcl  |9 1280 
651 7 |a Kežmarok (Slovensko)  |2 pppkcl  |9 26808 
773 0 |t Kežmarok  |g Roč. XVII, č. 12 (2009), s. 14 
852 |a PPPK  |b KIS3GCP 
999 |c 2211421  |d 2213351